[Event "FIDE World Bl Team Pool A"]
[Site "London ENG"]
[Date "2025.06.14"]
[Round "1.1"]
[White "Bjerre, Jonas Buhl"]
[Black "Nepomniachtchi, Ian"]
[Result "1/2-1/2"]
[WhiteTitle "GM"]
[BlackTitle "GM"]
[WhiteElo "2651"]
[BlackElo "2757"]
[WhiteTeam "¡Ållez-Y Initiative!"]
[BlackTeam "WR Chess Team"]
[WhiteFideId "1444948"]
[BlackFideId "4168119"]
[EventDate "2025.06.14"]
[EventType "team"]

1. e4 c5 2. Nf3 d6 3. d4 cxd4 4. Nxd4 Nf6 5. Nc3 a6 6. a4 e5 7. Nf3 Be7 8. Bc4
Be6 9. Bb3 O-O 10. O-O Nc6 11. Bg5 Na5 12. Bxf6 Bxf6 13. Nd5 Nxb3 14. cxb3 Bg5
15. Qd3 Bh6 16. a5 Rc8 17. Nb6 Rc6 18. Rad1 g6 19. Nxe5 Rc5 20. Nec4 Rb5 21.
Qxd6 Qxd6 22. Nxd6 Rxa5 23. Nbc4 Ra2 24. Nxb7 Rb8 25. Nba5 Rxb3 26. Nxb3 Bxc4
27. Nc5 Bxf1 28. Rxf1 Rxb2 29. Nxa6 Re2 30. Nc5 Bf8 31. Nd7 Bg7 32. e5 Bxe5 33.
Nxe5 Rxe5 34. g3 Kg7 35. Kg2 Ra5 36. h4 1/2-1/2

[Event "FIDE World Bl Team Pool A"]
[Site "London ENG"]
[Date "2025.06.14"]
[Round "1.3"]
[White "Muetsch, Annmarie"]
[Black "So, Wesley"]
[Result "0-1"]
[WhiteTitle "WIM"]
[BlackTitle "GM"]
[WhiteElo "2271"]
[BlackElo "2745"]
[WhiteTeam "¡Ållez-Y Initiative!"]
[BlackTeam "WR Chess Team"]
[WhiteFideId "12971367"]
[BlackFideId "5202213"]
[EventDate "2025.06.14"]
[EventType "team"]

1. e4 c6 2. d4 d5 3. e5 Bf5 4. Ne2 e6 5. Ng3 Bg6 6. h4 h5 7. c4 Ne7 8. Nc3 dxc4
9. Bxc4 Nd5 10. Nce4 Nd7 11. a3 Be7 12. Bg5 f6 13. exf6 gxf6 14. Bd2 Qb6 15. Bc3
O-O-O 16. Qd2 Qc7 17. O-O-O Kb8 18. Rhe1 e5 19. dxe5 Nxc3 20. Qxc3 Nxe5 21. Bb3
Ng4 22. f3 Qf4+ 23. Kb1 Rxd1+ 24. Bxd1 Qxg3 25. fxg4 Qxc3 26. bxc3 hxg4 27. g3
f5 28. Nf2 Bxa3 29. Bc2 Bd6 30. Re6 Bxg3 31. Nxg4 Bf7 32. Rf6 fxg4 33. Rxf7 Bxh4
34. Rg7 Bf6 0-1

[Event "FIDE World Bl Team Pool A"]
[Site "London ENG"]
[Date "2025.06.14"]
[Round "1.4"]
[White "Duda, Jan-Krzysztof"]
[Black "Loftgaard, Mikkel Vinh"]
[Result "1-0"]
[WhiteTitle "GM"]
[BlackTitle "FM"]
[WhiteElo "2725"]
[BlackElo "2243"]
[WhiteTeam "WR Chess Team"]
[BlackTeam "¡Ållez-Y Initiative!"]
[WhiteFideId "1170546"]
[BlackFideId "1468480"]
[EventDate "2025.06.14"]
[EventType "team"]

1. d4 Nf6 2. Bg5 d5 3. e3 c5 4. Bxf6 exf6 5. Nf3 Nc6 6. c3 Be7 7. dxc5 Bxc5 8.
g3 O-O 9. Bg2 Bg4 10. O-O Qd7 11. Nbd2 Rad8 12. Nb3 Bb6 13. Nbd4 Ne5 14. Qb3 Bh3
15. a4 Bxg2 16. Kxg2 Nc4 17. Rfd1 Rfe8 18. Qc2 Qe7 19. b3 Ne5 20. a5 Bxd4 21.
Nxd4 g6 22. h3 Qc7 23. Ra4 Rc8 24. Ne2 Red8 25. Rd2 Nc6 26. Qa2 Qe5 27. Qa3 b6
28. axb6 axb6 29. Qb2 b5 30. Ra1 Qe4+ 31. Kg1 Ne5 32. Nd4 Rb8 33. Qc2 Nf3+ 34.
Nxf3 Qxf3 35. Rd4 Rdc8 36. Qd3 Rc5 37. b4 Rc4 38. Rxd5 Rbc8 39. Rd8+ Rxd8 40.
Qxd8+ Kg7 41. Ra8 f5 42. Qf8+ Kf6 43. Ra6+ Rc6 44. Qh8+ Kg5 45. Rxc6 Qxc6 46.
Qxh7 Kf6 47. Qh8+ Ke7 48. Qe5+ Kf8 49. h4 Kg8 50. Qc5 Qd7 51. Qd4 Qc6 52. Kf1
Qh1+ 53. Ke2 Qb1 54. Qd3 Qb2+ 55. Kf3 Qc1 56. Qxb5 Qxc3 57. Qc5 Qd3 58. Qd4 Qb1
59. Kg2 Qc2 60. b5 Qc7 61. Qd5 Qb6 62. Qc6 1-0

[Event "FIDE World Bl Team Pool A"]
[Site "London ENG"]
[Date "2025.06.14"]
[Round "1.5"]
[White "Jalving, August"]
[Black "Hou, Yifan"]
[Result "0-1"]
[WhiteTitle "CM"]
[BlackTitle "GM"]
[WhiteElo "2306"]
[BlackElo "2633"]
[WhiteTeam "¡Ållez-Y Initiative!"]
[BlackTeam "WR Chess Team"]
[WhiteFideId "1471759"]
[BlackFideId "8602980"]
[EventDate "2025.06.14"]
[EventType "team"]

1. e4 c5 2. Nf3 d6 3. d4 cxd4 4. Nxd4 Nf6 5. Nc3 Nc6 6. Bg5 e6 7. Qd2 a6 8. Nxc6
bxc6 9. Bc4 h6 10. Bxf6 Qxf6 11. O-O-O Be7 12. f4 Rb8 13. Bb3 d5 14. Rhe1 O-O
15. a3 Bd8 16. f5 Ba5 17. fxe6 Bxe6 18. exd5 Bxd5 19. Bxd5 cxd5 20. Qd4 Qg5+ 21.
Kb1 Rfc8 22. Re5 Bxc3 23. Qxc3 Rxc3 24. Rxg5 hxg5 0-1

[Event "FIDE World Bl Team Pool A"]
[Site "London ENG"]
[Date "2025.06.14"]
[Round "1.1"]
[White "Eren, Ataberk"]
[Black "Dudin, Gleb"]
[Result "1/2-1/2"]
[WhiteTitle "IM"]
[BlackTitle "GM"]
[WhiteElo "2423"]
[BlackElo "2574"]
[WhiteTeam "Satranc Istanbul"]
[BlackTeam "Global Ramblers"]
[WhiteFideId "6349765"]
[BlackFideId "34184934"]
[EventDate "2025.06.14"]
[EventType "team"]

1. d4 Nf6 2. Nf3 d5 3. Bf4 c5 4. e3 Nc6 5. Nbd2 cxd4 6. exd4 Qb6 7. Nb3 Nh5 8.
Be3 Nf6 9. Bf4 Bg4 10. Be2 e6 11. O-O Be7 12. a4 a6 13. a5 Qd8 14. h3 Bh5 15. c3
O-O 16. Re1 Nd7 17. Bh2 Re8 18. Qb1 Bg6 19. Qa2 Qc8 20. Nbd2 Bd8 21. b4 Bc7 22.
Nb3 Bxh2+ 23. Kxh2 h6 24. Kg1 Qc7 25. Rac1 Rad8 26. Qd2 Nf6 27. Bf1 Ne4 28. Qb2
Rc8 29. Nbd2 Nd6 30. Nb3 Ne4 31. Nfd2 Nxd2 32. Qxd2 Nb8 33. Re3 Nd7 34. Rg3 Nf6
35. Nc5 Ne4 36. Nxe4 dxe4 37. h4 Kh8 38. Be2 Rcd8 39. Qe3 Bh7 40. Bh5 Re7 41.
Be2 f5 42. f4 exf3 43. Rxf3 e5 44. dxe5 Rxe5 45. Qf4 Qe7 46. Bf1 Re4 47. Qg3
Rxh4 48. Re1 Re4 49. Rxe4 fxe4 50. Re3 Rf8 51. Be2 Qf6 52. Kh2 Qc6 53. Qe5 Qg6
54. Rg3 Qf6 55. Qc7 Qh4+ 56. Rh3 Qf4+ 57. Qxf4 Rxf4 58. c4 Kg8 59. b5 Kf8 60.
bxa6 bxa6 61. Rb3 Rf5 62. Rb8+ Ke7 63. Rb7+ Kf8 64. Rb8+ Kf7 65. Rb7+ Kf8 66.
Rb8+ Ke7 67. Rb7+ Kf8 68. Rb8+ 1/2-1/2

[Event "FIDE World Bl Team Pool A"]
[Site "London ENG"]
[Date "2025.06.14"]
[Round "1.2"]
[White "Shabalov, Alexander"]
[Black "Makaraci, Tunahan"]
[Result "1/2-1/2"]
[WhiteTitle "GM"]
[BlackTitle "FM"]
[WhiteElo "2483"]
[BlackElo "2233"]
[WhiteTeam "Global Ramblers"]
[BlackTeam "Satranc Istanbul"]
[WhiteFideId "2008572"]
[BlackFideId "6356559"]
[EventDate "2025.06.14"]
[EventType "team"]

1. e4 c5 2. Nf3 d6 3. d4 cxd4 4. Nxd4 Nf6 5. Nc3 g6 6. Bg5 Bg7 7. Bb5+ Bd7 8.
Qe2 a6 9. Bxd7+ Qxd7 10. O-O-O O-O 11. f4 Nc6 12. e5 dxe5 13. Nxc6 Qxc6 14. fxe5
Nd7 15. Nd5 Qa4 16. e6 Qxa2 17. Nxe7+ Kh8 18. exd7 Qxb2+ 19. Kd2 Qc3+ 20. Kc1
Qb2+ 21. Kd2 Qc3+ 22. Kc1 1/2-1/2

[Event "FIDE World Bl Team Pool A"]
[Site "London ENG"]
[Date "2025.06.14"]
[Round "1.3"]
[White "Eken, Atakan"]
[Black "Glek, Igor"]
[Result "0-1"]
[BlackTitle "GM"]
[WhiteElo "2010"]
[BlackElo "2444"]
[WhiteTeam "Satranc Istanbul"]
[BlackTeam "Global Ramblers"]
[WhiteFideId "6375626"]
[BlackFideId "4100484"]
[EventDate "2025.06.14"]
[EventType "team"]

1. e4 c5 2. Nf3 a6 3. c3 e6 4. d4 d5 5. exd5 Qxd5 6. Be3 Nd7 7. Nbd2 Ngf6 8. Bc4
Qc6 9. a4 b6 10. Qe2 Bb7 11. O-O Be7 12. Rfe1 O-O 13. dxc5 Bxc5 14. Bxc5 Nxc5
15. b3 Nce4 16. Nxe4 Nxe4 17. Rac1 Ng5 18. Nh4 Rfd8 19. f4 Ne4 20. Nf3 Qc5+ 21.
Kf1 Nd6 22. Bd3 b5 23. b4 Qh5 24. axb5 axb5 25. h3 Bxf3 26. Qxf3 Qxf3+ 27. gxf3
Rdc8 28. Be4 Ra3 29. Re3 Kf8 30. Ke2 Ke7 31. Rc2 g6 32. Kd1 Nc4 33. Ree2 0-1

[Event "FIDE World Bl Team Pool A"]
[Site "London ENG"]
[Date "2025.06.14"]
[Round "1.4"]
[White "Mesropov, Konstantin"]
[Black "Kalender, Murat Emre"]
[Result "1-0"]
[WhiteTitle "IM"]
[WhiteElo "2458"]
[BlackElo "1782"]
[WhiteTeam "Global Ramblers"]
[BlackTeam "Satranc Istanbul"]
[WhiteFideId "4116887"]
[BlackFideId "34531815"]
[EventDate "2025.06.14"]
[EventType "team"]

1. d4 d5 2. Bf4 Nf6 3. e3 c5 4. c3 Nc6 5. Nd2 Qb6 6. Qb3 c4 7. Qc2 Bg4 8. Ngf3
e6 9. Be2 Be7 10. O-O O-O 11. Rfe1 Nh5 12. Bg5 Bf5 13. Qc1 Bxg5 14. Nxg5 Nf6 15.
e4 dxe4 16. Bxc4 Na5 17. Bf1 Rac8 18. Ngxe4 Nxe4 19. Nxe4 Nc6 20. Nd6 Nxd4 21.
Nxc8 Rxc8 22. Rd1 Nc2 23. Rb1 Nb4 24. Ra1 Nc2 25. Rb1 Nb4 26. cxb4 Rxc1 27.
Rbxc1 h6 28. a3 a5 29. Rc4 axb4 30. Rxb4 Qc7 31. Rc4 Qb6 32. Rd2 Qa7 33. Rc8+
Kh7 34. Rc7 Bg6 35. Rdd7 Qa5 36. Rxb7 Qc5 37. Rbc7 Qb6 38. b4 h5 1-0

[Event "FIDE World Bl Team Pool A"]
[Site "London ENG"]
[Date "2025.06.14"]
[Round "1.5"]
[White "Saygili, Adnan Mesih"]
[Black "Badelka, Olga"]
[Result "0-1"]
[BlackTitle "IM"]
[WhiteElo "1692"]
[BlackElo "2424"]
[WhiteTeam "Satranc Istanbul"]
[BlackTeam "Global Ramblers"]
[WhiteFideId "44553129"]
[BlackFideId "13509926"]
[EventDate "2025.06.14"]
[EventType "team"]

1. d4 d5 2. Bf4 Nf6 3. e3 c6 4. Nd2 g6 5. Ngf3 Nbd7 6. h3 Bg7 7. Be2 O-O 8. O-O
Re8 9. c4 Nb6 10. a3 dxc4 11. Nxc4 Nfd5 12. Bg3 Be6 13. Rc1 h6 14. Nce5 Rc8 15.
b4 a6 16. Qd2 Nd7 17. Nd3 N5f6 18. Nc5 Nxc5 19. bxc5 Ne4 20. Qb4 Nxg3 21. fxg3
Rc7 22. Bc4 Bd5 23. Bxd5 cxd5 24. Qa5 Qc8 25. Rb1 e5 26. Rb6 exd4 27. exd4 Re2
28. Rf2 Re4 29. Rd2 Rce7 30. Rd6 Qf5 31. Kh2 Re2 32. Rxe2 Rxe2 33. Qd8+ Kh7 34.
Rxd5 Qxf3 0-1

[Event "FIDE World Bl Team Pool A"]
[Site "London ENG"]
[Date "2025.06.14"]
[Round "1.6"]
[White "Volkov, Leonid"]
[Black "Demir, Aleyna"]
[Result "1-0"]
[WhiteElo "1828"]
[BlackElo "1651"]
[WhiteTeam "Global Ramblers"]
[BlackTeam "Satranc Istanbul"]
[WhiteFideId "12848140"]
[BlackFideId "6378323"]
[EventDate "2025.06.14"]
[EventType "team"]

1. e4 d5 2. exd5 Qxd5 3. Nc3 Qa5 4. Nf3 c6 5. Be2 Qc7 6. O-O Nf6 7. d4 Bf5 8.
Bg5 Nbd7 9. Re1 e6 10. a3 Bd6 11. h3 O-O-O 12. b4 Nb6 13. Nh4 h6 14. Nxf5 exf5
15. Bxf6 gxf6 16. Qd3 Be5 17. Qxf5+ Kb8 18. dxe5 fxe5 19. Bd3 Nd7 20. Qxf7 Rdf8
21. Qh5 Qb6 22. Ne4 Qd4 23. Rad1 Qb6 24. c4 Rf4 25. c5 Qc7 26. Nd6 Rhf8 27. Rd2
Nf6 28. Qxe5 Nd7 29. Qe8+ Qd8 30. Qxd8+ Rxd8 31. Rde2 Nf6 32. g3 Rd4 33. Bf5 a6
34. Re7 R4xd6 35. cxd6 Rxd6 36. R7e6 Rxe6 37. Rxe6 Nd7 38. Rxh6 Nb6 39. Rh8+ Ka7
40. Rh7 Nc4 41. Bc8 Nd6 42. Bd7 Kb6 43. g4 Nc4 44. Bc8 Nd6 45. Be6 Kb5 46. g5
Ka4 47. g6 Kxa3 48. g7 1-0

[Event "FIDE World Bl Team Pool A"]
[Site "London ENG"]
[Date "2025.06.14"]
[Round "1.1"]
[White "Hansen, Eric"]
[Black "Eilenberg, Jonas"]
[Result "1-0"]
[WhiteTitle "GM"]
[BlackTitle "FM"]
[WhiteElo "2609"]
[BlackElo "2316"]
[WhiteTeam "ChessbrahTV"]
[BlackTeam "Berlin Lasker Legends"]
[WhiteFideId "2606771"]
[BlackFideId "16204271"]
[EventDate "2025.06.14"]
[EventType "team"]

1. e4 e5 2. Nf3 Nc6 3. Bc4 Nf6 4. d3 Bc5 5. c3 d6 6. O-O a5 7. h3 Ba7 8. Re1 h6
9. Nbd2 O-O 10. Nf1 Ne7 11. Ng3 c6 12. Bb3 Ng6 13. d4 Qc7 14. Be3 Rd8 15. Qc1
exd4 16. cxd4 d5 17. e5 Ne4 18. Bc2 Nxg3 19. fxg3 Qe7 20. g4 c5 21. Bxg6 fxg6
22. dxc5 Be6 23. Qc2 Rac8 24. Rac1 Bf7 25. Bd4 Qe6 26. Qd2 Qa6 27. e6 Bxe6 28.
Ne5 b6 29. c6 b5 30. Nxg6 Bf7 31. Ne7+ Kh7 32. Qd3+ 1-0

[Event "FIDE World Bl Team Pool A"]
[Site "London ENG"]
[Date "2025.06.14"]
[Round "1.2"]
[White "Yatskar, Martin"]
[Black "Ragnarsson, Dagur"]
[Result "1-0"]
[WhiteTitle "CM"]
[BlackTitle "IM"]
[WhiteElo "2225"]
[BlackElo "2349"]
[WhiteTeam "Berlin Lasker Legends"]
[BlackTeam "ChessbrahTV"]
[WhiteFideId "34109676"]
[BlackFideId "2304058"]
[EventDate "2025.06.14"]
[EventType "team"]

1. d4 Nf6 2. c4 e6 3. Nc3 d5 4. cxd5 exd5 5. Bg5 c6 6. e3 h6 7. Bh4 Be7 8. Bd3
O-O 9. Qc2 Ne8 10. Bg3 Nd6 11. Nf3 Be6 12. O-O Nd7 13. Rfe1 Qc8 14. a4 a5 15.
Ne5 Nxe5 16. Bxe5 Bf5 17. e4 dxe4 18. Nxe4 Nxe4 19. Bxe4 Bxe4 20. Rxe4 Re8 21.
Rae1 Bb4 22. R1e3 Qf5 23. Qe2 f6 24. Bg3 Rxe4 25. Rxe4 Kh7 26. h3 Rd8 27. Kh2 c5
28. dxc5 Qxc5 29. Rc4 Qf5 30. Rc7 Rd2 31. Qc4 Bd6 32. Bxd6 Rxd6 33. Rxb7 Qxf2
34. Qe4+ f5 35. Rxg7+ Kxg7 36. Qe7+ Kg8 37. Qxd6 f4 38. Qg6+ Kf8 39. Qxh6+ Ke7
40. Qg5+ Ke6 41. h4 f3 42. Qg4+ Kd6 43. Qg3+ Qxg3+ 44. Kxg3 Kd5 1-0

[Event "FIDE World Bl Team Pool A"]
[Site "London ENG"]
[Date "2025.06.14"]
[Round "1.3"]
[White "Delaney, Killian"]
[Black "Kunz, Andre"]
[Result "1-0"]
[WhiteTitle "FM"]
[BlackTitle "CM"]
[WhiteElo "2275"]
[BlackElo "2128"]
[WhiteTeam "ChessbrahTV"]
[BlackTeam "Berlin Lasker Legends"]
[WhiteFideId "2501570"]
[BlackFideId "24623652"]
[EventDate "2025.06.14"]
[EventType "team"]

1. e4 c6 2. d4 d5 3. e5 c5 4. dxc5 e6 5. a3 Bxc5 6. b4 Be7 7. Nf3 f6 8. Bb2 a5
9. b5 Nd7 10. Bd3 Qc7 11. Qe2 fxe5 12. Nxe5 Ngf6 13. Nd2 O-O 14. O-O Nxe5 15.
Bxe5 Bd6 16. Nf3 Bd7 17. c4 Rac8 18. Rac1 Bxe5 19. Nxe5 d4 20. c5 Be8 21. c6
bxc6 22. bxc6 Qd6 23. a4 g6 24. Ba6 Rc7 25. Bb5 Kg7 26. Rfd1 Qd5 27. Nf3 Ne4 28.
Rxd4 Qf5 29. Qxe4 1-0

[Event "FIDE World Bl Team Pool A"]
[Site "London ENG"]
[Date "2025.06.14"]
[Round "1.4"]
[White "Stein, Theodor"]
[Black "Vincent, Trevor"]
[Result "0-1"]
[WhiteElo "1877"]
[BlackElo "2226"]
[WhiteTeam "Berlin Lasker Legends"]
[BlackTeam "ChessbrahTV"]
[WhiteFideId "34602801"]
[BlackFideId "2605600"]
[EventDate "2025.06.14"]
[EventType "team"]

1. Nf3 Nf6 2. g3 c5 3. Bg2 d5 4. c4 d4 5. d3 Nc6 6. O-O e5 7. a3 Be7 8. Bd2 a5
9. h3 O-O 10. e3 dxe3 11. Bxe3 Bf5 12. Ne1 e4 13. g4 Bg6 14. f4 exf3 15. Bxf3
Ne5 16. Be2 Qb6 17. Bf4 Qxb2 18. Nd2 Qd4+ 19. Kh2 Nc6 20. Nc2 Qd7 21. Rb1 Bd6
22. Bxd6 Qxd6+ 23. Kg1 Qg3+ 24. Kh1 Qxh3+ 25. Kg1 Ne5 26. Ne1 Nexg4 27. Bxg4
Qg3+ 28. Ng2 Nxg4 29. Nf3 Rfe8 30. Rb2 Rad8 31. Qd2 Rxd3 32. Qc2 Rxf3 33. Rxf3
Qxf3 34. Qc1 Qg3 35. Qf1 Qh2# 0-1

[Event "FIDE World Bl Team Pool A"]
[Site "London ENG"]
[Date "2025.06.14"]
[Round "1.5"]
[White "Garcia Martin, Marta"]
[Black "Ho, Ngoc Hai-Dang"]
[Result "1-0"]
[WhiteTitle "IM"]
[WhiteElo "2339"]
[BlackElo "1932"]
[WhiteTeam "ChessbrahTV"]
[BlackTeam "Berlin Lasker Legends"]
[WhiteFideId "32084030"]
[BlackFideId "16206509"]
[EventDate "2025.06.14"]
[EventType "team"]

1. e4 e5 2. Nf3 Nc6 3. Bc4 Bc5 4. d3 Nf6 5. Nc3 d6 6. Na4 Bb6 7. a3 h6 8. O-O
O-O 9. c3 Ne7 10. Re1 Ng6 11. Bb3 Nh7 12. Nxb6 axb6 13. d4 Qf6 14. h3 Ng5 15.
Nxg5 hxg5 16. Re3 Nf4 17. Rg3 g6 18. Be3 Kg7 19. Qd2 Rh8 20. Bc4 g4 21. Bf1 gxh3
22. gxh3 Nxh3+ 23. Bxh3 Rxh3 24. Rxh3 Bxh3 25. Bh6+ Kg8 26. Qg5 Qxg5+ 27. Bxg5
Kg7 28. f3 f6 29. Be3 Kf7 30. Kf2 Be6 31. Rh1 Kg7 32. Bh6+ Kf7 33. Be3 Kg8 34.
f4 exf4 35. Bxf4 g5 36. Be3 Kg7 37. d5 Bd7 38. Bd4 Rh8 39. Bxf6+ Kxf6 40. Rxh8
Ke5 41. Ke3 Bb5 42. Rg8 Kf6 43. Rc8 c5 44. Rd8 Ke5 45. Rg8 Kf6 46. Rb8 Ba6 47.
Rc8 g4 48. Rg8 Bb5 49. Rxg4 Ke5 50. Rg5+ Kf6 51. Rf5+ Ke7 52. Rh5 Ba6 53. Rh7+
Kf6 54. Rh6+ Ke7 55. Re6+ Kd7 56. Rh6 Ke7 57. Kf4 Kd7 58. e5 dxe5+ 59. Kxe5 Bc4
60. Rh7+ Kc8 61. d6 Bb5 62. Kf6 Bd7 63. Rh8+ 1-0

[Event "FIDE World Bl Team Pool A"]
[Site "London ENG"]
[Date "2025.06.14"]
[Round "1.6"]
[White "Schuster, Rebekka"]
[Black "Grose, Kameron"]
[Result "1-0"]
[WhiteElo "1806"]
[BlackElo "1907"]
[WhiteTeam "Berlin Lasker Legends"]
[BlackTeam "ChessbrahTV"]
[WhiteFideId "24674095"]
[BlackFideId "474010"]
[EventDate "2025.06.14"]
[EventType "team"]

1. e4 c5 2. d3 g6 3. f4 Bg7 4. Nf3 Nc6 5. Be2 d6 6. O-O e6 7. c3 Nge7 8. Na3 a6
9. Qe1 b5 10. Bd2 Bb7 11. Qh4 Qb6 12. Kh1 h5 13. Ng5 d5 14. Rae1 Rf8 15. f5 exf5
16. exd5 1-0

[Event "FIDE World Bl Team Pool A"]
[Site "London ENG"]
[Date "2025.06.14"]
[Round "1.1"]
[White "Nihal, Sarin"]
[Black "Sava, Robert-Gabriel"]
[Result "1-0"]
[WhiteTitle "GM"]
[BlackTitle "CM"]
[WhiteElo "2696"]
[BlackElo "2121"]
[WhiteTeam "Ashdod Elit Chess Club"]
[BlackTeam "xChess.AI"]
[WhiteFideId "25092340"]
[BlackFideId "1265725"]
[EventDate "2025.06.14"]
[EventType "team"]

1. e4 e6 2. d3 d5 3. Qe2 Nf6 4. Nf3 Be7 5. g3 c5 6. Bg2 Nc6 7. O-O O-O 8. e5 Nd7
9. c4 d4 10. h4 Qc7 11. Bf4 b6 12. Nbd2 Bb7 13. a3 a6 14. Rfe1 b5 15. b3 Rae8
16. h5 Qd8 17. Ne4 f5 18. exf6 Nxf6 19. h6 g6 20. Neg5 Bd6 21. Nxe6 Qb8 22. Bxd6
Qxd6 23. Nfg5 Bc8 24. b4 Bxe6 25. bxc5 Qd7 26. Nxe6 Rf7 27. cxb5 axb5 28. Qa2
Kh8 29. Bxc6 Qxc6 30. Nd8 Rxd8 31. Qxf7 Rg8 32. Re6 1-0

[Event "FIDE World Bl Team Pool A"]
[Site "London ENG"]
[Date "2025.06.14"]
[Round "1.2"]
[White "Rusu, Lucas"]
[Black "Moiseenko, Alexander"]
[Result "0-1"]
[BlackTitle "GM"]
[WhiteElo "2038"]
[BlackElo "2568"]
[WhiteTeam "xChess.AI"]
[BlackTeam "Ashdod Elit Chess Club"]
[WhiteFideId "42206472"]
[BlackFideId "14102560"]
[EventDate "2025.06.14"]
[EventType "team"]

1. e4 c5 2. Nf3 Nc6 3. d4 cxd4 4. Nxd4 e5 5. Nb5 d6 6. N1c3 a6 7. Na3 b5 8. Nd5
Nge7 9. c4 Nd4 10. cxb5 Nxd5 11. exd5 Bd7 12. bxa6 Qa5+ 13. Bd2 Qxd5 14. Bc3
Qe4+ 15. Kd2 Be7 16. Nc4 Bg5+ 17. Ne3 O-O 18. Qe1 Qc2# 0-1

[Event "FIDE World Bl Team Pool A"]
[Site "London ENG"]
[Date "2025.06.14"]
[Round "1.3"]
[White "Gledura, Benjamin"]
[Black "Badescu, Matei-Andrei"]
[Result "1-0"]
[WhiteTitle "GM"]
[WhiteElo "2668"]
[BlackElo "1947"]
[WhiteTeam "Ashdod Elit Chess Club"]
[BlackTeam "xChess.AI"]
[WhiteFideId "712779"]
[BlackFideId "42213096"]
[EventDate "2025.06.14"]
[EventType "team"]

1. d4 d5 2. c4 e6 3. Nc3 Nf6 4. cxd5 exd5 5. Bg5 Nbd7 6. e3 Be7 7. Bd3 c6 8. h3
O-O 9. Bf4 Nb6 10. Nf3 Bd6 11. O-O Bxf4 12. exf4 Re8 13. Ne5 Bd7 14. Re1 Qc8 15.
Rc1 Bf5 16. Bf1 Qd8 17. g4 Bc8 18. Qf3 Nbd7 19. Bd3 Nxe5 20. dxe5 Nd7 21. Rcd1
Qb6 22. b3 Nf8 23. f5 Qb4 24. Bb1 d4 25. Na4 c5 26. Qd5 g6 27. Nxc5 Qc3 28. Ne4
Qxh3 29. Nf6+ Kh8 1-0

[Event "FIDE World Bl Team Pool A"]
[Site "London ENG"]
[Date "2025.06.14"]
[Round "1.4"]
[White "Sava, Christiansen-Danut-Eugen"]
[Black "Volokitin, Andrei"]
[Result "0-1"]
[WhiteTitle "FM"]
[BlackTitle "GM"]
[WhiteElo "2002"]
[BlackElo "2626"]
[WhiteTeam "xChess.AI"]
[BlackTeam "Ashdod Elit Chess Club"]
[WhiteFideId "1210114"]
[BlackFideId "14107090"]
[EventDate "2025.06.14"]
[EventType "team"]

1. Nf3 d5 2. d4 Nf6 3. e3 c5 4. c3 e6 5. Bd3 Bd6 6. O-O O-O 7. Nbd2 Nc6 8. dxc5
Bxc5 9. e4 Qc7 10. Qe2 h6 11. Re1 Ng4 12. Rf1 Bd7 13. h3 Nge5 14. Bc2 d4 15.
cxd4 Bxd4 16. Bb3 Bb6 17. Nxe5 Nxe5 18. Nf3 Bb5 19. Qxb5 Nxf3+ 20. gxf3 Qg3+ 21.
Kh1 Qxh3+ 22. Kg1 Qg3+ 23. Kh1 Qxf3+ 24. Kh2 Bc7+ 25. Kg1 Qg4+ 0-1

[Event "FIDE World Bl Team Pool A"]
[Site "London ENG"]
[Date "2025.06.14"]
[Round "1.5"]
[White "Osmak, Yuliia"]
[Black "Badescu, Eliza-Ioana"]
[Result "1-0"]
[WhiteTitle "IM"]
[WhiteElo "2468"]
[BlackElo "1832"]
[WhiteTeam "Ashdod Elit Chess Club"]
[BlackTeam "xChess.AI"]
[WhiteFideId "14101602"]
[BlackFideId "42214890"]
[EventDate "2025.06.14"]
[EventType "team"]

1. e4 c6 2. d4 d5 3. e5 c5 4. dxc5 Nc6 5. Nf3 Nb8 6. Ng1 Nc6 7. Nf3 Bg4 8. c3 e6
9. b4 Bxf3 10. Qxf3 Nxe5 11. Bb5+ Nc6 12. O-O a6 13. Ba4 Nf6 14. Re1 Be7 15. Bf4
O-O 16. Nd2 Rc8 17. Rad1 b5 18. Bc2 Qe8 19. a4 d4 20. axb5 axb5 21. Ne4 e5 22.
Bg3 Nxe4 23. Qxe4 f5 24. Qd5+ Qf7 25. Qxf7+ Kxf7 26. Bxf5 dxc3 27. Bxc8 Rxc8 28.
Bxe5 Nxe5 29. Rxe5 Bf6 30. Re2 Ra8 31. g3 Ra4 32. Rb1 Ra6 33. Kg2 Re6 34. Rxe6
Kxe6 35. Rd1 Be5 36. f4 Bf6 37. c6 c2 38. Rc1 Kd6 39. Rxc2 Kc7 40. Rc5 Be7 41.
Rxb5 Kxc6 42. Rb8 Bd6 43. Rg8 g6 44. Rg7 h5 45. Rxg6 Kd5 1-0

[Event "FIDE World Bl Team Pool A"]
[Site "London ENG"]
[Date "2025.06.14"]
[Round "1.6"]
[White "Platschek, Luca"]
[Black "Sailaubay, Aldiyar"]
[Result "0-1"]
[WhiteElo "1626"]
[BlackElo "1910"]
[WhiteTeam "xChess.AI"]
[BlackTeam "Ashdod Elit Chess Club"]
[WhiteFideId "1289888"]
[BlackFideId "13729357"]
[EventDate "2025.06.14"]
[EventType "team"]

1. b4 e6 2. Bb2 b6 3. a3 Bb7 4. Nf3 Nf6 5. e3 c5 6. bxc5 bxc5 7. Be2 Be7 8. O-O
O-O 9. d4 Nc6 10. Nbd2 Rb8 11. Rb1 cxd4 12. Nxd4 a6 13. N2f3 Qc7 14. c4 Rfc8 15.
Qa4 h6 16. h3 Ne4 17. Rfd1 Nc5 18. Qc2 Na5 19. Bc3 Be4 20. Qd2 Rxb1 21. Bxa5
Rxd1+ 22. Bxd1 Qb7 23. Bb4 d6 24. Be2 e5 25. Nc2 a5 26. Bxc5 Rxc5 27. Nce1 Qb3
28. Bd3 Bxd3 29. Nxd3 Rxc4 30. Nde1 Qxa3 31. Qd5 Qc5 32. Qa8+ Bf8 33. g4 a4 34.
Nd3 Qc6 0-1